000 00361nam a2200133Ia 4500
005 20260328104323.0
008 260328s9999||||xx |||||||||||||| ||und||
100 _aMonografías de Arquitectura
245 0 _aTectónica Madera (1) revestimientos /
_cMonografías de Arquitectura
260 _bTectónica
300 _a132 p.
650 _aMADERA
942 _cBK
999 _c11400
_d11400